[Event "Chess@iceland-B"]
[Site "Kopavogur"]
[Date "2000.04.01"]
[Round "5"]
[White "Sokolov, Ivan"]
[Black "Hjartarson, Johann"]
[Result "1-0"]
[WhiteElo "2637"]
[BlackElo "2633"]
[PlyCount "89"]
[EventDate "2000.04.01"]
[Source "www.chesslib.no"]
[SourceDate "2004.05.04"]

1. d4 Nf6 2. c4 g6 3. Nc3 Bg7 4. e4 d6 5. Nge2 O-O 6. Ng3 c6 7. Be2 a6 8. Be3 b5 9. e5 Nfd7 10. f4 bxc4 11. Bxc4 Nb6 12. Bb3 a5 13. a3 Ba6 14. h4 Bc4 15. Bc2 f5 16. h5 e6 17. Qf3 Nd5 18. hxg6 hxg6 19. Bf2 Nd7 20. Nge2 Rb8 21. Rb1 Kf7 22. Ng1 Nxc3 23. Qxc3 Bd5 24. Nf3 Bxf3 25. Qxf3 d5 26. g4 Rg8 27. Rh8 Rf8 28. Rh1 Rh8 29. Rg1 Qe7 30. Qc3 Rbc8 31. Qxa5 c5 32. Ba4 cxd4 33. gxf5 gxf5 34. Qa7 Rhd8 35. Rd1 Ra8 36. Qxd4 Rh8 37. Rd3 Bf8 38. Rc3 Qd8 39. Bc2 Be7 40. Rcg3 Bh4 41. Rg7+ Kf8 42. Qb4+ Be7 43. Qb5 Rb8 44. Qe2 Rxb2 45. Qh5 1-0

[Event "Akureyri"]
[Site "Akureyri"]
[Date "1994.??.??"]
[Round "?"]
[White "Sokolov, Ivan"]
[Black "Van Wely, Loek"]
[Result "1/2-1/2"]
[WhiteElo "2650"]
[BlackElo "2570"]
[PlyCount "135"]
[EventDate "1994.02.??"]
[Source "ChessBase"]

1. d4 Nf6 2. c4 g6 3. Nc3 Bg7 4. e4 d6 5. Nge2 O-O 6. Ng3 c6 7. Be2 Nbd7 8. Bg5 h6 9. Be3 a6 10. Qd2 h5 11. Bh6 h4 12. Bxg7 Kxg7 13. Nf1 b5 14. a3 bxc4 15. Ne3 Nb6 16. f4 e5 17. O-O exf4 18. Rxf4 d5 19. e5 Nh7 20. Raf1 Be6 21. Bg4 Nd7 22. Qe1 Qe7 23. Bd1 h3 24. g4 Qg5 25. Kh1 Rab8 26. Ba4 f6 27. Bxc6 fxe5 28. Rxf8 Rxf8 29. Rxf8 Ndxf8 30. Qd2 Qf4 31. dxe5 Qf3+ 32. Kg1 Ng5 33. Ncxd5 Qe4 34. Qb4 Bxd5 35. Qe7+ Nf7 36. Qxf7+ Bxf7 37. Bxe4 Nd7 38. Kf2 Nxe5 39. g5 Nd7 40. Kg3 Nc5 41. Bc2 Be6 42. Kf4 Bc8 43. Nxc4 Ne6+ 44. Kg3 Nxg5 45. Nd6 Bd7 46. Bd3 Kf6 47. b4 Ke5 48. Nb7 Bf5 49. Nc5 Bxd3 50. Nxd3+ Kd5 51. Kg4 Nf7 52. Kxh3 Kc4 53. Nc5 a5 54. Na6 axb4 55. Nxb4 Kb3 56. Kg4 Kxa3 57. Nd5 Kb3 58. Ne7 Kc4 59. Nxg6 Kd5 60. Kf5 Nd6+ 61. Kf6 Ne4+ 62. Ke7 Kd4 63. h4 Ke3 64. Kf7 Ng3 65. Kf6 Kf3 66. Kg5 Ne4+ 67. Kf5 Ng3+ 68. Kg5 1/2-1/2

[Event "Europa ch 2008"]
[Site "Plovdiv BUL"]
[Date "2008.04.23"]
[Round "3.6"]
[White "Tregubov, Pavel V"]
[Black "Spasov, Vasil"]
[Result "1/2-1/2"]
[WhiteElo "2629"]
[BlackElo "2579"]
[PlyCount "77"]
[EventDate "2008.04.21"]
[Source "www.chesslib.no"]
[SourceDate "2004.05.04"]

1. d4 Nf6 2. c4 g6 3. Nc3 Bg7 4. e4 d6 5. Nge2 Nbd7 6. Ng3 a6 7. Be2 O-O 8. O-O c5 9. d5 b5 10. cxb5 axb5 11. Bxb5 Ba6 12. Bxa6 Rxa6 13. Nge2 Qa8 14. Re1 e6 15. dxe6 fxe6 16. Nf4 Re8 17. Rb1 Qc6 18. Bd2 Ne5 19. a4 Ra7 20. b4 cxb4 21. Nb5 Rf7 22. Rc1 Nc4 23. Rxc4 Qxc4 24. Nxd6 Qd4 25. Nxe8 Nxe8 26. Bc1 Nd6 27. Be3 Qe5 28. Qb3 Rxf4 29. Bxf4 Qxf4 30. Qxb4 Be5 31. g3 Qg4 32. Kg2 Nf5 33. Rc1 Nh4+ 34. Kg1 Kf7 35. Qb7+ Kf6 36. Qxh7 Nf3+ 37. Kf1 Qxe4 38. Rd1 Nd2+ 39. Rxd2 1/2-1/2

[Event "Wijk aan Zee"]
[Site "?"]
[Date "1992.??.??"]
[Round "?"]
[White "Kortchnoi, V."]
[Black "Nunn, J."]
[Result "1/2-1/2"]
[WhiteElo "2585"]
[BlackElo "2615"]
[PlyCount "110"]
[EventDate "1992.??.??"]
[Source "ChessBase"]
[SourceDate "1991.10.01"]

1. d4 Nf6 2. c4 g6 3. Nc3 Bg7 4. e4 d6 5. Nge2 O-O 6. Ng3 e5 7. d5 a5 8. Be2 Na6 9. h4 c6 10. h5 cxd5 11. cxd5 Nc5 12. Be3 Qb6 13. b3 Bd7 14. O-O Qb4 15. Qd2 Rfc8 16. a3 Qb6 17. Rab1 Qd8 18. h6 Bf8 19. Rfc1 Ng4 20. Bxg4 Bxg4 21. b4 axb4 22. axb4 Na4 23. Nxa4 Rxa4 24. Rxc8 Bxc8 25. b5 Be7 26. Qc2 Ra8 27. b6 Qf8 28. Rf1 Bd8 29. Qc3 Bd7 30. Qd2 f5 31. f4 Qxh6 32. Qf2 Ra3 33. exf5 gxf5 34. Ne2 Bb5 35. Rc1 Bh4 36. g3 Bxe2 37. gxh4 Qh5 38. Rc8+ Kf7 39. Rc7+ Kg6 40. fxe5 Qg4+ 41. Kh2 dxe5 42. Rc8 Qe4 43. Qxe2 Rxe3 44. Qg2+ Qxg2+ 45. Kxg2 f4 46. Rc7 Rd3 47. Rxb7 Rxd5 48. Rb8 Rb5 49. b7 Kh5 50. Re8 Rxb7 51. Rxe5+ Kg4 52. Rg5+ Kxh4 53. Rg8 Rb3 54. Rf8 Rg3+ 55. Kf2 Rg4 1/2-1/2

[Event "Taastrup"]
[Site "?"]
[Date "1992.??.??"]
[Round "?"]
[White "Gurevich, M."]
[Black "van Wely, L."]
[Result "1-0"]
[WhiteElo "2635"]
[BlackElo "2560"]
[PlyCount "73"]
[EventDate "1992.??.??"]
[Source "ChessBase"]
[SourceDate "1992.02.01"]

1. d4 Nf6 2. c4 g6 3. Nc3 Bg7 4. e4 d6 5. Nge2 c6 6. Ng3 h5 7. Be2 Nbd7 8. O-O a6 9. Re1 b5 10. a3 O-O 11. Bg5 Nh7 12. Be3 Rb8 13. Qd2 e5 14. d5 Nc5 15. dxc6 Nb3 16. Qc2 Nxa1 17. Rxa1 bxc4 18. Nd5 Qe8 19. Bxc4 Be6 20. c7 Ra8 21. Rc1 Qd7 22. Bb3 Bxd5 23. Bxd5 Rac8 24. Bb7 Nf6 25. Bg5 Nh7 26. Bd2 Nf6 27. Bxa6 h4 28. Nf1 h3 29. Ne3 Bh6 30. f3 hxg2 31. Kxg2 d5 32. Bxc8 Rxc8 33. Nxd5 Nxd5 34. exd5 Bxd2 35. Qxd2 e4 36. d6 exf3+ 37. Kg3 1-0

[Event "Olimpiadi 2008 - open"]
[Site "Dresda GER"]
[Date "2008.11.23"]
[Round "10"]
[White "Ghaem Maghami, E."]
[Black "Kozul, Z."]
[Result "1/2-1/2"]
[WhiteElo "2599"]
[BlackElo "2593"]
[PlyCount "61"]
[EventDate "2008.11.13"]
[Source "www.chesslib.no"]
[SourceDate "2004.05.04"]

1. d4 Nf6 2. c4 g6 3. Nc3 Bg7 4. e4 d6 5. Nge2 O-O 6. Ng3 e5 7. d5 a5 8. Be2 Na6 9. O-O Nc5 10. Be3 h5 11. Bg5 Qd7 12. Qd2 Nh7 13. Bh6 h4 14. Bxg7 Kxg7 15. Nh1 Qe7 16. f4 exf4 17. Qxf4 f5 18. exf5 Bxf5 19. Qd4+ Qf6 20. Qxf6+ Nxf6 21. Rf4 Rh8 22. Raf1 Rae8 23. g4 Nfe4 24. gxf5 Nxc3 25. Bg4 Ne2+ 26. Bxe2 Rxe2 27. fxg6 Ne4 28. Rg4 Nf6 29. Rgf4 Ne4 30. Rg4 Nf6 31. Rgf4 1/2-1/2

[Event "Clichy"]
[Site "Clichy"]
[Date "2001.06.27"]
[Round "3"]
[White "Tregubov, Pavel V"]
[Black "Hebden, Mark"]
[Result "1-0"]
[WhiteElo "2628"]
[BlackElo "2560"]
[PlyCount "84"]
[EventDate "2001.06.25"]
[Source "ChessBase"]
[SourceDate "2001.11.13"]

1. d4 Nf6 2. c4 g6 3. Nc3 Bg7 4. e4 d6 5. Nge2 a6 6. Ng3 c6 7. Be2 O-O 8. O-O b5 9. e5 dxe5 10. dxe5 Qxd1 11. Rxd1 Ng4 12. f4 f6 13. h3 Nh6 14. exf6 exf6 15. Nge4 Nf7 16. Bf3 f5 17. Nc5 Re8 18. Kh1 Ra7 19. Bd2 Nd6 20. cxb5 axb5 21. Re1 Rae7 22. Rxe7 Rxe7 23. Re1 Kf8 24. b3 Bd4 25. Nd3 Rxe1+ 26. Bxe1 c5 27. b4 cxb4 28. Ne2 Bf6 29. Bxb4 Be7 30. Nd4 Ne4 31. Bxe7+ Kxe7 32. Nxb5 Ba6 33. a4 Nd7 34. Kg1 Bxb5 35. axb5 Nc3 36. Bc6 Nb8 37. Kf2 Kd6 38. Ke3 Nxc6 39. bxc6 Kxc6 40. Kd4 Ne2+ 41. Ke5 h5 42. h4 Ng3 1-0

[Event "XXI Carlos Torre KO"]
[Site "Merida MES"]
[Date "2008.12.18"]
[Round "2.1"]
[White "Tregubov, P."]
[Black "Leon Hoyos, M."]
[Result "1-0"]
[WhiteElo "2646"]
[BlackElo "2535"]
[PlyCount "117"]
[EventDate "2008.12.17"]
[Source "www.chesslib.no"]
[SourceDate "2004.05.04"]

1. d4 Nf6 2. c4 g6 3. Nc3 Bg7 4. e4 d6 5. Nge2 c5 6. d5 b5 7. cxb5 a6 8. Ng3 O-O 9. a4 Nbd7 10. bxa6 Qa5 11. Bb5 Bxa6 12. O-O h5 13. Bg5 Ne5 14. Qc2 Rfb8 15. h3 Nc4 16. Nge2 Bxb5 17. Nxb5 Qb4 18. b3 Na5 19. Bxf6 Bxf6 20. Rab1 c4 21. bxc4 Qxc4 22. Rfc1 Rc8 23. Qxc4 Rxc4 24. Rxc4 Nxc4 25. Nbc3 Rc8 26. Rb4 Nd2 27. Nb5 Rc2 28. f4 g5 29. fxg5 Bxg5 30. Kf2 Bf6 31. Ke1 Nc4 32. Nbd4 Bxd4 33. Nxd4 Rc1+ 34. Ke2 Kg7 35. Nc6 Ne5 36. Nxe5 dxe5 37. Kd2 Rg1 38. Kc3 Rxg2 39. Rb3 f5 40. a5 fxe4 41. Kb4 Kf6 42. Ra3 Rb2+ 43. Kc5 Rc2+ 44. Kb6 Rb2+ 45. Kc6 Rc2+ 46. Kd7 Rd2 47. a6 Rxd5+ 48. Kc6 Rd6+ 49. Kc7 Rd3 50. Ra1 Rc3+ 51. Kb7 Rb3+ 52. Kc6 Rc3+ 53. Kd5 Kf5 54. a7 e6+ 55. Kd6 Rc8 56. a8=Q Rxa8 57. Rxa8 Kf4 58. Ra5 h4 59. Kxe6 1-0

[Event "FRA-ch High Pool"]
[Site "Marsailles"]
[Date "2001.08.13"]
[Round "10"]
[White "Bauer, Christian"]
[Black "Degraeve, Jean Marc"]
[Result "1-0"]
[WhiteElo "2576"]
[BlackElo "2602"]
[PlyCount "79"]
[EventDate "2001.08.13"]
[Source "ChessBase"]
[SourceDate "2001.11.13"]

1. d4 Nf6 2. c4 g6 3. Nc3 Bg7 4. e4 d6 5. Nge2 O-O 6. Ng3 e5 7. d5 a5 8. Be2 Na6 9. h4 c6 10. h5 cxd5 11. cxd5 Nc5 12. Be3 Qb6 13. Qd2 Bd7 14. Rb1 a4 15. f3 Qa5 16. h6 Bh8 17. Nf5 Bxf5 18. exf5 e4 19. fxg6 fxg6 20. O-O exf3 21. Rxf3 Rfe8 22. Bb5 Rec8 23. Qe2 Ncd7 24. Ne4 Qc7 25. Rc1 Qxc1+ 26. Bxc1 Rxc1+ 27. Rf1 Rxf1+ 28. Kxf1 Nxe4 29. Qxe4 Nc5 30. Qe7 Rf8+ 31. Ke2 Be5 32. Bd7 Nxd7 33. Qxd7 b6 34. Kd3 Bxb2 35. Qxd6 Bf6 36. Qxb6 Bg5 37. Qe6+ Rf7 38. Qe8+ Rf8 39. Qe6+ Rf7 40. Ke4 1-0

[Event "Calviá ol (Men)"]
[Site "Mallorca"]
[Date "2004.10.19"]
[Round "5.9"]
[White "Kaidanov, Gregory S"]
[Black "Iuldachev, Saidali"]
[Result "1/2-1/2"]
[WhiteElo "2611"]
[BlackElo "2550"]
[PlyCount "56"]
[EventDate "2004.10.15"]
[Source "Roberto Alvarez"]
[SourceDate "2004.10.25"]

1. d4 Nf6 2. c4 g6 3. Nc3 Bg7 4. e4 d6 5. Nge2 O-O 6. Ng3 Nc6 7. d5 Nb4 8. Be2 c6 9. O-O Nd7 10. Bg5 Re8 11. Qd2 a5 12. Bh6 Bh8 13. Kh1 Nc5 14. f4 e6 15. dxe6 Nxe6 16. f5 Nc5 17. Bg5 Qc7 18. f6 Re5 19. Bh4 Be6 20. Nf5 Bxf5 21. exf5 Rae8 22. fxg6 hxg6 23. Bg4 Qd8 24. Rad1 Ne4 25. Nxe4 Rxe4 26. h3 Rxc4 27. Qh6 Nd5 28. Bg5 Re5 1/2-1/2

[Event "World op"]
[Site "Philadelphia"]
[Date "1996.??.??"]
[Round "?"]
[White "Serper, Grigory"]
[Black "Smirin, Ilia"]
[Result "1/2-1/2"]
[WhiteElo "2540"]
[BlackElo "2615"]
[PlyCount "70"]
[EventDate "1996.??.??"]
[Source "www.chesslib.no"]
[SourceDate "2004.05.04"]

1. c4 Nf6 2. Nc3 g6 3. e4 d6 4. d4 Bg7 5. Nge2 O-O 6. Ng3 a6 7. Be2 c5 8. d5 b5 9. cxb5 axb5 10. Bxb5 Ba6 11. O-O Bxb5 12. Nxb5 Ne8 13. Qc2 Na6 14. Ne2 Nec7 15. Nbc3 Qd7 16. b3 Nb4 17. Qb1 f5 18. a3 Nba6 19. Ra2 Rab8 20. Rb2 Nb5 21. Qd3 Nac7 22. Rb1 Nxc3 23. Nxc3 fxe4 24. Nxe4 Rf5 25. Nc3 Bxc3 26. Qxc3 Nxd5 27. Qc4 e6 28. Bd2 Nc7 29. b4 Qa4 30. Qd3 Rd5 31. Qc3 Nb5 32. Qf6 Rxd2 33. Qxe6+ Kg7 34. Qe7+ Kg8 35. Qe6+ Kg7 1/2-1/2

[Event "Tilburg"]
[Site "Tilburg"]
[Date "1985.??.??"]
[Round "?"]
[White "Miles, Anthony J"]
[Black "Romanishin, Oleg M"]
[Result "0-1"]
[WhiteElo "2560"]
[BlackElo "2590"]
[PlyCount "136"]
[EventDate "1985.08.??"]
[Source "ChessBase"]

1. d4 Nf6 2. c4 g6 3. Nc3 Bg7 4. e4 d6 5. Nge2 c6 6. Ng3 Nbd7 7. Be2 h5 8. Bg5 a6 9. Qd2 b5 10. f3 O-O 11. Rd1 e5 12. dxe5 dxe5 13. O-O Re8 14. a3 Qc7 15. Rc1 Nc5 16. Qe1 Nb3 17. Rd1 Be6 18. cxb5 axb5 19. Bd3 Rad8 20. Qf2 Rd7 21. Bb1 Nd4 22. Ba2 Bxa2 23. Nxa2 Nh7 24. Be3 Nf8 25. Nc3 Nfe6 26. Nge2 Red8 27. Kh1 Qb7 28. Rd2 Nb3 29. Rxd7 Rxd7 30. f4 exf4 31. Nxf4 Nxf4 32. Bxf4 b4 33. axb4 Qxb4 34. Bg5 Nc5 35. Bf6 Nxe4 36. Qf4 Qd6 37. Qxd6 Nxd6 38. Bxg7 Kxg7 39. Rd1 Re7 40. Kg1 Nf5 41. Rc1 Kf6 42. b4 Re5 43. Kf2 Ke6 44. g3 Nd4 45. Rd1 Rf5+ 46. Kg2 Nc2 47. Rb1 Na3 48. Rc1 Nc4 49. Ne2 Ne3+ 50. Kg1 Kd5 51. Nf4+ Kd6 52. Ne2 Rd5 53. Nc3 Re5 54. Kf2 Ng4+ 55. Kg2 f5 56. h3 Nf6 57. Kf3 Ne4 58. Rd1+ Kc7 59. Ne2 Rb5 60. Rd4 Ng5+ 61. Kg2 Ne6 62. Rc4 Rd5 63. h4 Kb6 64. Rc3 Rd2 65. Kf1 Nc7 66. Ke1 Rd6 67. Nf4 Kb5 68. Nd3 Na6 0-1

[Event "Philadelphia"]
[Site "?"]
[Date "1999.??.??"]
[Round "?"]
[White "Serper, G."]
[Black "Bologan, V."]
[Result "1-0"]
[WhiteElo "2540"]
[BlackElo "2605"]
[PlyCount "90"]
[EventDate "1999.??.??"]
[Source "Chess Informant"]
[SourceDate "1999.06.01"]

1. c4 g6 2. d4 Bg7 3. e4 d6 4. Nc3 Nf6 5. Nge2 Nbd7 6. Ng3 e5 7. d5 h5 8. Be2 a5 9. Bg5 Bh6 10. Bxh6 Rxh6 11. Nf1 h4 12. Nd2 Kf8 13. a3 c5 14. Nf3 Kg7 15. Qd2 Nh7 16. O-O-O Ndf8 17. g3 g5 18. Rdg1 Ng6 19. Ne1 g4 20. Nc2 Nf6 21. Ne3 Qh8 22. Nf5+ Bxf5 23. exf5 Ne7 24. Bxg4 hxg3 25. fxg3 Qh7 26. Bd1 Kh8 27. g4 Rh4 28. Rg2 Rg8 29. Rhg1 Rh3 30. Bc2 Qh4 31. g5 Nh7 32. g6 Nf6 33. Nb5 fxg6 34. fxg6 Rd8 35. Nc7 Qh6 36. Qxh6+ Rxh6 37. Ne6 Rc8 38. Ng5 Rh4 39. Nf7+ Kg7 40. Nxd6 Rd8 41. Nxb7 Rd7 42. Nxc5 Ra7 43. d6 Nc6 44. Ne6+ Kg8 45. c5 Nd4 1-0

[Event "Foxwoods"]
[Site "?"]
[Date "2000.??.??"]
[Round "?"]
[White "Serper, G."]
[Black "Becerra Rivero, J."]
[Result "1-0"]
[WhiteElo "2585"]
[BlackElo "2540"]
[PlyCount "84"]
[EventDate "2000.??.??"]
[Source "Chess Informant"]
[SourceDate "2000.02.01"]

1. d4 g6 2. e4 Bg7 3. c4 d6 4. Nc3 Nf6 5. Nge2 O-O 6. Ng3 e5 7. d5 Nfd7 8. Be2 a5 9. h4 f5 10. exf5 gxf5 11. Bg5 Nf6 12. Nh5 Bh8 13. g4 Qd7 14. Rg1 f4 15. Bxf6 Bxf6 16. g5 Bg7 17. Bg4 Qd8 18. Ne4 Kh8 19. Nxg7 Kxg7 20. Nf6 Na6 21. Bxc8 Qxc8 22. Qb1 Rh8 23. Nh5+ Kf8 24. g6 Rg8 25. g7+ Ke7 26. Qxh7 Qh3 27. O-O-O Nc5 28. Qg6 a4 29. Qf6+ Ke8 30. Nxf4 Qf3 31. Qg6+ Ke7 32. Qg5+ Kd7 33. Qf5+ Ke8 34. Qh5+ Qxh5 35. Nxh5 Kf7 36. Rg4 a3 37. b3 e4 38. Kc2 Rae8 39. Rf4+ Kg6 40. Nf6 Nd3 41. Rg1+ Kf7 42. Nxg8+ Kxg8 1-0

[Event "Forli Open"]
[Site "Forli"]
[Date "1993.??.??"]
[Round "4"]
[White "Novikov, Igor A"]
[Black "Cvitan, Ognjen"]
[Result "1/2-1/2"]
[WhiteElo "2545"]
[BlackElo "2575"]
[PlyCount "45"]
[EventDate "1993.10.??"]
[Source "www.chesslib.no"]
[SourceDate "2004.05.04"]

1. d4 Nf6 2. c4 g6 3. Nc3 Bg7 4. e4 d6 5. Nge2 O-O 6. Ng3 e5 7. d5 a5 8. Be2 Na6 9. h4 c6 10. h5 cxd5 11. cxd5 Nc5 12. Be3 Bd7 13. a4 Qb6 14. Ra3 Rac8 15. hxg6 fxg6 16. f3 Qxb2 17. Bxc5 Rxc5 18. Rb3 Qxc3+ 19. Rxc3 Rxc3 20. Qa1 Rfc8 21. Kf2 h5 22. Rb1 Bh6 23. Nf1 1/2-1/2

[Event "Clichy vs Select GMs, Clichy FRA"]
[Site "?"]
[Date "2001.??.??"]
[Round "4"]
[White "Conquest, S."]
[Black "Hebden, M."]
[Result "1-0"]
[WhiteElo "2560"]
[BlackElo "2560"]
[PlyCount "97"]
[EventDate "2001.??.??"]
[Source "www.chesslib.no"]
[SourceDate "2004.05.04"]

1. c4 g6 2. Nc3 Bg7 3. d4 Nf6 4. e4 d6 5. Nge2 a6 6. Bg5 c6 7. Qd2 h6 8. Bh4 b5 9. f3 O-O 10. g4 e5 11. Bf2 Nbd7 12. h4 exd4 13. Nxd4 Ne5 14. Be2 b4 15. Nd1 Bxg4 16. fxg4 Nxe4 17. Qf4 d5 18. Be3 Re8 19. cxd5 Qxd5 20. O-O c5 21. Nf3 Nd3 22. Bxd3 Qxd3 23. Qxf7+ Kxf7 24. Ne5+ Kg8 25. Nxd3 Rad8 26. Nxc5 Nd2 27. Rf4 a5 28. Rc1 Bxb2 29. Nxb2 Rxe3 30. Nbd3 g5 31. hxg5 hxg5 32. Rf5 Rg3+ 33. Kf2 Rxg4 34. Ne5 Rf4+ 35. Rxf4 gxf4 36. Rg1+ Kh7 37. Ne6 Re8 38. Rg7+ Kh6 39. Ng4+ Kh5 40. Nf6+ Kh6 41. Nxe8 a4 42. Nf6 b3 43. axb3 axb3 44. Ng4+ Kh5 45. Nxf4+ Kh4 46. Ng2+ Kh5 47. Kg3 Ne4+ 48. Kf4 Nc3 49. Rg5# 1-0

[Event "Hilversum NED"]
[Site "?"]
[Date "2006.06.17"]
[Round "1"]
[White "Bosch Jeroen"]
[Black "Van Wely Loek"]
[Result "0-1"]
[WhiteElo "2465"]
[BlackElo "2655"]
[PlyCount "66"]
[EventDate "2006.??.??"]
[Source "www.chesslib.no"]
[SourceDate "2004.05.04"]

1. d4 Nf6 2. c4 g6 3. Nc3 Bg7 4. e4 d6 5. Nge2 a6 6. f3 c6 7. Be3 Nbd7 8. c5 O-O 9. Qd2 b5 10. cxd6 exd6 11. Nf4 Bb7 12. Be2 c5 13. dxc5 dxc5 14. Rd1 c4 15. O-O Qc7 16. a4 Qa5 17. axb5 axb5 18. Ncd5 Rfe8 19. Qxa5 Rxa5 20. Nc7 Rc8 21. Bd2 b4 22. Bxb4 Ra2 23. Bd6 Nb6 24. Rb1 Nfd7 25. b4 g5 26. Bxc4 Nxc4 27. Nfd5 Bxd5 28. Nxd5 Nxd6 29. Ne7+ Kf8 30. Nxc8 Nxc8 31. Rfd1 Ncb6 32. b5 Ke7 33. Rbc1 Be5 0-1

[Event "Clichy"]
[Site "Clichy"]
[Date "2001.07.02"]
[Round "8"]
[White "Bauer, Christian"]
[Black "Apicella, Manuel"]
[Result "1/2-1/2"]
[WhiteElo "2612"]
[BlackElo "2508"]
[PlyCount "46"]
[EventDate "2001.06.25"]
[Source "ChessBase"]
[SourceDate "2001.11.13"]

1. d4 Nf6 2. c4 g6 3. Nc3 Bg7 4. e4 d6 5. Nge2 O-O 6. Ng3 e5 7. d5 c6 8. Be2 cxd5 9. cxd5 h5 10. Bg5 a6 11. Qd2 Nbd7 12. O-O Qe8 13. a4 Nh7 14. Be3 h4 15. Nh1 Qe7 16. a5 Ndf6 17. Ra4 Nh5 18. Bxh5 gxh5 19. f4 exf4 20. Bxf4 Kh8 21. Nf2 Rg8 22. Kh1 Qf6 23. Raa1 Qg6 1/2-1/2

[Event "Moscow RUS"]
[Site "?"]
[Date "2003.02.15"]
[Round "5"]
[White "Poluljahov Aleksandr"]
[Black "Milov Vadim"]
[Result "0-1"]
[WhiteElo "2527"]
[BlackElo "2592"]
[PlyCount "54"]
[EventDate "2003.??.??"]
[Source "www.chesslib.no"]
[SourceDate "2004.05.04"]

1. c4 g6 2. d4 Nf6 3. Nc3 Bg7 4. e4 d6 5. Nge2 Nbd7 6. Ng3 e5 7. d5 h5 8. Be2 Qe7 9. Bg5 Bh6 10. Bxh6 Rxh6 11. h4 Rh8 12. Nf1 Nc5 13. Nd2 a5 14. Qc2 Kf8 15. O-O-O Kg7 16. f3 Bd7 17. Nf1 c6 18. Ne3 cxd5 19. Nexd5 Nxd5 20. Nxd5 Qd8 21. f4 Ba4 22. b3 Bc6 23. Rhf1 Qxh4 24. Qb2 Nxe4 25. Kb1 Rae8 26. f5 Bxd5 27. Rxd5 Ng3 0-1

[Event "Chess Congress - Magistrale"]
[Site "Hastings ING"]
[Date "2009.01.04"]
[Round "8"]
[White "Neverov, V."]
[Black "Jones, G."]
[Result "1-0"]
[WhiteElo "2571"]
[BlackElo "2548"]
[PlyCount "161"]
[EventDate "2008.12.28"]
[Source "www.chesslib.no"]
[SourceDate "2004.05.04"]

1. d4 Nf6 2. c4 g6 3. Nc3 Bg7 4. e4 d6 5. Nge2 c5 6. dxc5 dxc5 7. Qxd8+ Kxd8 8. Be3 b6 9. O-O-O+ Bd7 10. f4 e5 11. g3 Kc8 12. Nb5 Ne8 13. h4 h5 14. Nec3 Nc6 15. Nd5 Rb8 16. Bh3 Bxh3 17. Rxh3 Kb7 18. Rh2 Rd8 19. Rhd2 a6 20. Nbc3 Nd4 21. fxe5 Bxe5 22. Bg5 f6 23. Bf4 Bxf4 24. gxf4 Rg8 25. Rg2 Nf3 26. Rh1 Rd7 27. Ne2 Rf7 28. Rh3 Nd4 29. Nxd4 cxd4 30. Rb3 b5 31. cxb5 a5 32. b6 Nd6 33. Rc2 Rc8 34. Rc7+ Rfxc7+ 35. bxc7+ Ka7 36. e5 fxe5 37. fxe5 Nf5 38. Kd2 Nxh4 39. e6 Nf5 40. e7 Nxe7 41. Nxe7 Rxc7 42. Nxg6 Rg7 43. Nf4 h4 44. Kd3 Rg4 45. Ke4 Ka6 46. Rd3 Rg1 47. Kxd4 Rf1 48. Nd5 Rh1 49. a4 h3 50. Nc3 Rh2 51. Kc5 Rxb2 52. Rxh3 Rc2 53. Kc4 Kb6 54. Rh6+ Kb7 55. Kb3 Rc1 56. Nd5 Ka7 57. Rh4 Ka6 58. Rc4 Rd1 59. Ne3 Rd3+ 60. Rc3 Rd8 61. Kc4 Rh8 62. Kc5 Rc8+ 63. Kd4 Rh8 64. Rc6+ Kb7 65. Re6 Rh4+ 66. Re4 Rh5 67. Nc4 Rg5 68. Re5 Rg4+ 69. Kc5 Ka6 70. Re6+ Ka7 71. Kb5 Rg7 72. Kxa5 Rg1 73. Re7+ Kb8 74. Kb5 Rh1 75. a5 Rh6 76. Ne5 Rh1 77. Nd7+ Kc7 78. Nb6+ Kb8 79. Ka6 Rh7 80. Nd7+ Ka8 81. Re8# 1-0

[Event "Dresden (zt) 72/503"]
[Site "?"]
[Date "1998.??.??"]
[Round "?"]
[White "Kortschnoj, Viktor"]
[Black "Gallagher, Joseph G"]
[Result "1-0"]
[WhiteElo "2625"]
[BlackElo "2490"]
[PlyCount "55"]
[EventDate "1998.??.??"]
[Source "ChessBase"]
[SourceDate "1998.02.01"]

1. d4 Nf6 2. c4 g6 3. Nc3 Bg7 4. e4 d6 5. Nge2 a6 6. g3 O-O 7. Bg2 Nbd7 8. O-O e5 9. b3 exd4 10. Nxd4 Re8 11. Be3 Rb8 12. Rc1 c5 13. Nde2 b5 14. cxb5 axb5 15. Qxd6 b4 16. Na4 Nxe4 17. Qd3 Qe7 18. Nf4 Bb7 19. Nd5 Qe5 20. Rfd1 Rbd8 21. Qxe4 Qxe4 22. Bxe4 Rxe4 23. Ndb6 Bd4 24. Nxd7 Rxe3 25. fxe3 Bxe3+ 26. Kf1 Ba6+ 27. Rc4 Bd4 28. Ndxc5 1-0

[Event "Piatka op"]
[Site "Swidnica"]
[Date "1997.??.??"]
[Round "9"]
[White "Malaniuk, Vladimir P"]
[Black "Zagorskis, Darius"]
[Result "1-0"]
[WhiteElo "2610"]
[BlackElo "2505"]
[PlyCount "69"]
[EventDate "1997.??.??"]
[Source "www.chesslib.no"]
[SourceDate "2004.05.04"]

1. d4 Nf6 2. c4 g6 3. Nc3 Bg7 4. e4 d6 5. Nge2 O-O 6. Ng3 Nc6 7. d5 Ne5 8. f4 Ned7 9. Be2 c6 10. Be3 cxd5 11. cxd5 a6 12. O-O b5 13. Rc1 Nb6 14. b3 Bb7 15. Bf3 Rc8 16. Qd2 Nfd7 17. Nce2 Nc5 18. Rc2 Nbd7 19. Nd4 Nf6 20. Rfc1 h5 21. h4 Qd7 22. f5 Rfe8 23. b4 Na4 24. fxg6 fxg6 25. Ne6 Rxc2 26. Rxc2 Rc8 27. Rxc8+ Bxc8 28. Ne2 Bh8 29. N2f4 Qe8 30. Qc2 Bd7 31. e5 dxe5 32. Nxg6 e4 33. Bxe4 Nxe4 34. Qxe4 Nc3 35. Qd3 1-0

[Event "Nederland"]
[Site "?"]
[Date "1992.??.??"]
[Round "?"]
[White "Gurevich, M."]
[Black "Nijboer, F."]
[Result "1/2-1/2"]
[WhiteElo "2625"]
[BlackElo "2485"]
[PlyCount "90"]
[EventDate "1992.??.??"]
[Source "ChessBase"]
[SourceDate "1992.10.01"]

1. d4 Nf6 2. c4 g6 3. Nc3 Bg7 4. e4 d6 5. Nge2 O-O 6. Ng3 e5 7. d5 a5 8. Be2 Na6 9. h4 h5 10. Bg5 Qe8 11. Qd2 Nh7 12. Be3 Bd7 13. a4 Qe7 14. Nb5 f5 15. exf5 gxf5 16. Bg5 Nxg5 17. Qxg5 Qxg5 18. hxg5 e4 19. O-O-O Bxb5 20. axb5 Nc5 21. Nxh5 a4 22. Rh3 f4 23. Kc2 Rae8 24. Rdh1 Re5 25. Nxg7 Kxg7 26. Rh7+ Kg6 27. Bg4 f3 28. g3 e3 29. R7h6+ Kg7 30. fxe3 Rxg5 31. Rh7+ Kf6 32. R1h6+ Rg6 33. Bxf3 Rxh6 34. Rxh6+ Kg5 35. Rh5+ Kg6 36. Bg4 Rf2+ 37. Kc3 Ne4+ 38. Kb4 Rxb2+ 39. Kxa4 Nc5+ 40. Ka3 Rb3+ 41. Ka2 Rxe3 42. Rh4 Rxg3 43. Bc8 Rc3 44. Kb2 Na4+ 45. Ka2 Nc5 1/2-1/2

[Event "Koszalin op"]
[Site "?"]
[Date "1996.??.??"]
[Round "9"]
[White "Malaniuk Vladimir P"]
[Black "Kaminski Marcin"]
[Result "1/2-1/2"]
[WhiteElo "2585"]
[BlackElo "2525"]
[PlyCount "167"]
[EventDate "1996.??.??"]
[Source "www.chesslib.no"]
[SourceDate "2004.05.04"]

1. d4 Nf6 2. c4 g6 3. Nc3 Bg7 4. e4 d6 5. Nge2 O-O 6. Ng3 a6 7. Be2 c5 8. d5 e6 9. a4 exd5 10. exd5 Nbd7 11. O-O Ne8 12. Be3 h6 13. Qd2 Kh7 14. f4 f5 15. a5 Rb8 16. b3 b6 17. axb6 Rxb6 18. Ra3 Ndf6 19. h3 Rf7 20. Bd3 Rb8 21. Bc2 Re7 22. Bf2 Qb6 23. Re1 Rxe1+ 24. Bxe1 Bd7 25. Nd1 Nc7 26. Qd3 Nfxd5 27. Ba5 Qa7 28. Kh2 Nb4 29. Qxd6 Nxc2 30. Bxc7 Rc8 31. Ra2 Qxc7 32. Qxc7 Rxc7 33. Rxc2 Rb7 34. Rd2 a5 35. Rd3 a4 36. bxa4 Bxa4 37. Ne3 Rb2 38. Ra3 Bc6 39. Ra6 Bb7 40. Re6 Bd4 41. Nd5 Kg7 42. Ne2 Bxd5 43. cxd5 Bf6 44. Ng1 Rd2 45. Rd6 c4 46. Nf3 c3 47. h4 Rd1 48. Rc6 Rxd5 49. Ne5 Bxe5 50. fxe5 Rxe5 51. Rxc3 g5 52. hxg5 hxg5 53. g3 Kf6 54. Rc6+ Re6 55. Rc2 Rd6 56. Kg2 Rd4 57. Kf2 Ke5 58. Re2+ Kd5 59. Ra2 Rd3 60. Ra5+ Ke4 61. Ra4+ Rd4 62. Ra2 Rc4 63. Re2+ Kd5 64. Rd2+ Rd4 65. Ra2 g4 66. Ra5+ Ke4 67. Ra2 Rc4 68. Re2+ Kd5 69. Kg2 Rc3 70. Rf2 Ke4 71. Rf4+ Ke5 72. Rf2 Rd3 73. Re2+ Kd4 74. Rf2 Ke4 75. Rf4+ Ke5 76. Rf2 Re3 77. Rf4 Re2+ 78. Kg1 Rd2 79. Kf1 Rd4 80. Rf2 Rd5 81. Rf4 Rd3 82. Kg2 Rd4 83. Rf2 Ke4 84. Rf4+ 1/2-1/2